Harmony in context

Gardado en:
Detalles Bibliográficos
Autor Principal: ROIG-FRANCOLI, Miguel A.
Formato: Libro
Idioma:inglés
Publicado: McGraw-Hill Education 2020
Tags: Engadir etiqueta
Sen Etiquetas, Sexa o primeiro en etiquetar este rexistro!

MARC

LEADER 00000nam a22000007a 4500
008 210816b ||||| |||| 00| 0 eng d
020 |a 9781260566505 
100 |a ROIG-FRANCOLI, Miguel A. 
245 |a Harmony in context  |c  Miguel A.Roig-Francoli  |g xvi,774p;ill 
250 |b 3rd 
260 |b McGraw-Hill Education  |c 2020  |h New York  |i 696864  |i 696865  |l MT50.R63  |m Haarmony-Textbooks  |m Music- Textbooks 
500 |a it includes references and index 
942 |a lcc  |c BK  |e Johnson  |f 16/08/21 
952 |0 0  |1 0  |2 lcc  |4 0  |7 0  |9 3055  |a ART  |b HOL  |c LP  |d 2021-08-16  |o MT50.R63  |p 2021-66754  |r 2021-08-16 00:00:00  |w 2021-08-16  |y BK 
952 |0 0  |1 0  |2 lcc  |4 0  |6 MT0050 R63  |7 0  |9 3056  |a HOL  |b HOL  |c LP  |d 2021-08-16  |l 0  |o MT50.R63  |p 2021-66755  |r 2021-08-16 00:00:00  |w 2021-08-16  |y BK 
999 |c 1548  |d 1548